Statistics for Countries with Five Letters - One Minute Sprint

Click here to take the quiz!

General Stats

  • This quiz has been taken 134 times
  • The average score is 14 of 24

Answer Stats

continentcountry% Correct
South AmericaChile
79%
OceaniaNauru
75%
EuropeSpain
73%
OceaniaTonga
73%
OceaniaPalau
72%
AsiaChina
71%
AsiaJapan
70%
OceaniaSamoa
69%
EuropeItaly
65%
AfricaEgypt
64%
North AmericaHaiti
64%
AfricaGabon
56%
AsiaIndia
56%
AfricaBenin
55%
AfricaGhana
53%
AsiaYemen
52%
AfricaLibya
51%
AfricaNiger
51%
EuropeMalta
44%
AfricaKenya
43%
AfricaSudan
43%
AsiaNepal
42%
AsiaSyria
40%
AsiaQatar
35%

Score Distribution

Percentile by Number Answered

Percent of People with Each Score

Your Score History

You have not taken this quiz